Statistics for Countries with the Longest Foreign Relations with the USA

Click here to take the quiz!

General Stats

  • This quiz has been taken 105 times
  • The average score is 12 of 16

Answer Stats

YearCountry% Correct
1783United Kingdom
100%
1778France
97%
1822Mexico
94%
1783Spain
92%
1797Germany
89%
1791Portugal
89%
1824Brazil
84%
1781Netherlands
83%
1809Russia
83%
1801Denmark
82%
1818Sweden
80%
1823Argentina
77%
1824Chile
73%
1822Colombia
73%
1777Morocco
33%
1795Tunisia
10%

Score Distribution

Percentile by Number Answered

Percent of People with Each Score

Your Score History

You have not taken this quiz